Städte - Wetterkarte Tagesschau - Statistiken

Allgemein
  • Dieses Quiz wurde 87 mal gespielt
  • Das Durchschnittsergebnis liegt bei 9 aus 10
Antwortstatistiken
Stadt % Korrekt
München
100%
Berlin
99%
Hamburg
99%
Köln
97%
Stuttgart
97%
Frankfurt
96%
Dresden
89%
Hannover
82%
Kiel
75%
Rostock
65%
Keine übereinstimmenden Quizze gefunden
Verteilung der Resultate
Anzahl Personen mit jedem Resultat
Perzentil nach korrekt beantworteten Fragen
Ihre Resultats-Entwicklung
Sie haben dieses Quiz noch nicht gespielt